[Event "Kings Indian Attack Thematic"]
[Site "SchemingMind.com"]
[Date "2005.12.11"]
[Round "-"]
[White "CHED"]
[Black "Louis Lima"]
[Result "0-1"]
[WhiteCountry "USA"]
[BlackCountry "ESP"]
[WhiteElo "1596"]
[WhiteRD "84"]
[BlackElo "1717"]
[BlackRD "56"]
[GameID "32790"]

1. Nf3 d5 2. g3 c6 3. Bg2 Bf5 4. O-O Nf6 5. d3 e6 6. Nbd2 Be7 7. Re1 Nbd7 8. e4 dxe4 9. dxe4 Bg4 10. h3 Bh5
11. e5 Nd5 12. Nf1 Qc7 13. Qd4 Qb6 14. c4 Bxf3 15. Qxb6 N5xb6 16. Bxf3 Nxc4 17. b3 Ncxe5 18. Bg2 Nd3 19. Rd1 Nxc1 20. Raxc1 Rd8
21. Rc2 O-O 22. Rcd2 Nf6 23. Ne3 Rxd2 24. Rxd2 Rd8 25. Rxd8+ Bxd8 26. Nc4 Bc7 27. f4 b5 28. Ne3 Bb6 29. Kf2 Bxe3+ 30. Kxe3 c5
31. Bc6 Nd5+ 32. Kd2 Nc7 33. Kd3 Kf8 34. a4 bxa4 35. Bxa4 Ke7 36. Kc4 Kd6 37. g4 f6 38. h4 a6 39. g5 Nd5 40. gxf6 gxf6
0-1

[Event "Kings Indian Attack Thematic"]
[Site "SchemingMind.com"]
[Date "2005.12.11"]
[Round "-"]
[White "Louis Lima"]
[Black "CHED"]
[Result "1-0"]
[WhiteCountry "ESP"]
[BlackCountry "USA"]
[WhiteElo "1717"]
[WhiteRD "56"]
[BlackElo "1596"]
[BlackRD "84"]
[GameID "32791"]

1. Nf3 d5 2. g3 c5 3. Bg2 Nc6 4. O-O Bf5 5. d3 Nf6 6. Nbd2 e6 7. Nh4 Bg4 8. h3 Bh5 9. c4 d4 10. g4 Bg6
11. Qa4 Qb6 12. Nxg6 fxg6 13. Ne4 Rc8 14. Ng5 e5 15. Bd5 Nxd5 16. cxd5 Bd6 17. dxc6 Rxc6 18. Ne4 O-O 19. Nxd6 Rxd6 20. Qb3+ Rf7
21. Qxb6 Rxb6 22. b3 h6 23. Ba3 Rc6 24. Rfc1 b6 25. b4 Rfc7 26. bxc5 bxc5 27. Rc4 Kf7 28. Rac1 Ke6 29. Rxc5 Rxc5 30. Rxc5 Rxc5
31. Bxc5 a5 32. a4
1-0

[Event "Kings Indian Attack Thematic"]
[Site "SchemingMind.com"]
[Date "2006.01.01"]
[Round "-"]
[White "ilardi"]
[Black "Louis Lima"]
[Result "0-1"]
[WhiteCountry "USA"]
[BlackCountry "ESP"]
[WhiteElo "1280"]
[WhiteRD "149"]
[BlackElo "1688"]
[BlackRD "59"]
[GameID "34341"]

1. Nf3 d5 2. g3 c6 3. Bg2 Bg4 4. O-O Nd7 5. h3 Bh5 6. d4 e6 7. Nbd2 Bd6 8. e4 dxe4 9. Nxe4 Bc7 10. Re1 Ngf6
11. b3 Nxe4 12. Rxe4 O-O 13. Qd3 Bg6 14. Ng5 Nf6 15. Bd2 h6 16. Qe3 hxg5 17. c4 Nxe4 18. Bxe4 Bxe4 19. Qxe4 Qf6 20. Re1 Qf5
21. Qxf5 exf5 22. Bxg5 Rfe8 23. Rd1 f6 24. Be3 a6 25. Bc1 Re2 26. a4 Rae8 27. Kf1 Ba5 28. c5 Re1+ 29. Rxe1 Rxe1+ 30. Kg2 Rxc1
31. h4 Rc3 32. h5 Rxb3 33. Kh3 Rb4 34. f4 Rxd4 35. Kh4 Rxa4 36. h6 gxh6 37. Kh5 Kh7 38. Kh4 Be1 39. Kh5 Ra2
0-1

[Event "Kings Indian Attack Thematic"]
[Site "SchemingMind.com"]
[Date "2005.12.28"]
[Round "-"]
[White "ilardi"]
[Black "CHED"]
[Result "0-1"]
[WhiteCountry "USA"]
[BlackCountry "USA"]
[WhiteElo "1351"]
[WhiteRD "182"]
[BlackElo "1688"]
[BlackRD "75"]
[GameID "34342"]

1. Nf3 d5 2. g3 Nc6 3. d4 Bf5 4. Bd2 Nf6 5. Bg2 h6 6. O-O Qd7 7. Bf4 e6 8. Nc3 g5 9. a3 gxf4 10. Qd2 fxg3
11. fxg3 h5 12. Nh4 Bh6 13. Qd1 Be3+ 14. Kh1 Nxd4 15. Nxf5 Nxf5 16. Qd3 Bb6 17. Bh3 Ng4 18. Bg2 O-O-O 19. Rad1 Nfe3 20. Qb5 Nxd1
21. Qxd7+ Rxd7 22. Nxd1 h4 23. Rf4 hxg3 24. Rxg4 Rxh2#
0-1

[Event "Kings Indian Attack Thematic"]
[Site "SchemingMind.com"]
[Date "2005.12.29"]
[Round "-"]
[White "Louis Lima"]
[Black "ilardi"]
[Result "1-0"]
[WhiteCountry "ESP"]
[BlackCountry "USA"]
[WhiteElo "1667"]
[WhiteRD "52"]
[BlackElo "1351"]
[BlackRD "182"]
[GameID "34343"]

1. Nf3 d5 2. g3 Nc6 3. Bg2 b6 4. c4 d4 5. d3 Bb7 6. Bf4 g6 7. Ne5 Qc8 8. Bxc6+ Bxc6 9. Nxc6 Qb7 10. Qa4 e6
11. Nxd4+ Kd8 12. Nc6+ Kc8 13. O-O Ne7 14. Na5 bxa5 15. Qe8#
1-0

[Event "Kings Indian Attack Thematic"]
[Site "SchemingMind.com"]
[Date "2005.12.29"]
[Round "-"]
[White "CHED"]
[Black "ilardi"]
[Result "1-0"]
[WhiteCountry "USA"]
[BlackCountry "USA"]
[WhiteElo "1694"]
[WhiteRD "71"]
[BlackElo "1280"]
[BlackRD "149"]
[GameID "34344"]

1. Nf3 d5 2. g3 Nc6 3. Bg2 e5 4. d3 Nf6 5. O-O Bc5 6. Nbd2 b6 7. c4 Bb7 8. a3 O-O 9. b4 Bd6 10. Bb2 Ne7
11. Nxe5 Rb8 12. Rc1 Re8 13. cxd5 Nexd5 14. Nc6 Bxc6 15. Rxc6 a5 16. Qb3 Rxe2 17. Ne4 Ne7 18. Nxd6 Nxc6 19. Nxf7 Qd5 20. Bxd5 Ne7
21. Bc4 b5 22. Ng5+ bxc4 23. dxc4 axb4 24. axb4 Kf8 25. b5 h6 26. Nf3 Nd7 27. Ba3 Rd2 28. Nxd2 Rd8 29. Re1 Re8 30. Qe3 Nf6
31. Bxe7+ Kg8 32. Qe6+ Kh7 33. Nf3 h5 34. Nh4 Kh6 35. Qf5
1-0

[Event "Kings Indian Attack Thematic"]
[Site "SchemingMind.com"]
[Date "2006.01.02"]
[Round "-"]
[White "jlchaile"]
[Black "Louis Lima"]
[Result "1-0"]
[WhiteCountry "ARG"]
[BlackCountry "ESP"]
[WhiteElo "1574"]
[WhiteRD "91"]
[BlackElo "1667"]
[BlackRD "52"]
[GameID "34345"]

1. Nf3 d5 2. g3 c6 3. d4 Nf6 4. Bg2 Bg4 5. O-O e6 6. b3 Be7 7. c4 Nbd7 8. Nc3 O-O 9. Re1 Bb4 10. Bb2 Ne4
11. Qc2 Ndf6 12. Ne5 Bf5 13. Nd3
1-0

[Event "Kings Indian Attack Thematic"]
[Site "SchemingMind.com"]
[Date "2005.12.28"]
[Round "-"]
[White "jlchaile"]
[Black "CHED"]
[Result "0-1"]
[WhiteCountry "ARG"]
[BlackCountry "USA"]
[WhiteElo "1423"]
[WhiteRD "80"]
[BlackElo "1680"]
[BlackRD "73"]
[GameID "34346"]

1. Nf3 d5 2. g3 c5 3. d4 Nc6 4. Bg2 Nf6 5. Bg5 Bf5 6. b3 h6 7. Bxf6 exf6 8. O-O Be7 9. Re1 O-O 10. c4 dxc4
11. dxc5 Qxd1 12. Rxd1 Bxc5 13. bxc4 Rfe8 14. Nh4 Bh7 15. Bxc6 bxc6 16. Nc3 Re7 17. Nf3 Rae8 18. a4 a5 19. e3 Rb7 20. Rab1 Bxb1
21. Nxb1 Rb4 22. Nc3 Rxc4
0-1

[Event "Kings Indian Attack Thematic"]
[Site "SchemingMind.com"]
[Date "2005.12.29"]
[Round "-"]
[White "jlchaile"]
[Black "ilardi"]
[Result "0-1"]
[WhiteCountry "ARG"]
[BlackCountry "USA"]
[WhiteElo "1423"]
[WhiteRD "80"]
[BlackElo "1400"]
[BlackRD "125"]
[GameID "34347"]

1. Nf3 d5 2. g3 Nc6 3. d4 b6 4. Bg2 g6 5. b3 Bg7 6. Bb2 Bb7 7. O-O Nf6 8. Re1 O-O 9. Ba3 Re8 10. c3 e6
11. Nbd2 Ng4 12. h3 Nh6 13. e4 Kh8 14. exd5 exd5 15. Rxe8+ Qxe8 16. Qe1 Nf5
0-1

[Event "Kings Indian Attack Thematic"]
[Site "SchemingMind.com"]
[Date "2005.12.28"]
[Round "-"]
[White "Louis Lima"]
[Black "jlchaile"]
[Result "0-1"]
[WhiteCountry "ESP"]
[BlackCountry "ARG"]
[WhiteElo "1667"]
[WhiteRD "52"]
[BlackElo "1574"]
[BlackRD "91"]
[GameID "34348"]

1. Nf3 d5 2. g3 e6 3. Bg2 Nf6 4. O-O b6 5. d3 Bb7 6. Bg5 Nbd7 7. Nbd2 h6 8. Bxf6 Nxf6 9. Re1 Bb4 10. c3 Bd6
11. e4 dxe4 12. Nxe4 O-O 13. Nxd6 cxd6
0-1

[Event "Kings Indian Attack Thematic"]
[Site "SchemingMind.com"]
[Date "2005.12.28"]
[Round "-"]
[White "CHED"]
[Black "jlchaile"]
[Result "1-0"]
[WhiteCountry "USA"]
[BlackCountry "ARG"]
[WhiteElo "1680"]
[WhiteRD "73"]
[BlackElo "1423"]
[BlackRD "80"]
[GameID "34349"]

1. Nf3 d5 2. g3 e6 3. Bg2 Nf6 4. O-O Bd6 5. d3 O-O 6. Nbd2 c5 7. c4 b6 8. cxd5 exd5 9. Nb3 Nbd7 10. Bg5 h6
11. Bd2 Re8 12. Rc1 Bb7 13. Na1 a5 14. a4 d4 15. Nc2 Rb8 16. Na3 Ba6 17. Nc4 Ne5 18. Nfxe5 Bxe5 19. Nxe5 Rxe5 20. Bf4 Qe7
21. Rc2 Re8 22. Bxe5
1-0

[Event "Kings Indian Attack Thematic"]
[Site "SchemingMind.com"]
[Date "2005.12.28"]
[Round "-"]
[White "ilardi"]
[Black "jlchaile"]
[Result "1-0"]
[WhiteCountry "USA"]
[BlackCountry "ARG"]
[WhiteElo "1400"]
[WhiteRD "125"]
[BlackElo "1423"]
[BlackRD "80"]
[GameID "34350"]

1. Nf3 d5 2. g3 Nf6 3. c3 e6 4. Bg2 Bd6 5. d4 b6 6. O-O O-O 7. Bg5 h6 8. Ne5 hxg5 9. Qd2 Bxe5 10. dxe5 Nfd7
11. f4 gxf4 12. Qxf4 Nc6 13. Nd2 Ndxe5 14. Nf3 Qf6 15. Qxf6 gxf6 16. Nxe5 Nxe5 17. Rxf6
1-0

[Event "Kings Indian Attack Thematic"]
[Site "SchemingMind.com"]
[Date "2006.01.12"]
[Round "-"]
[White "Julio Fuentes"]
[Black "jlchaile"]
[Result "1-0"]
[WhiteCountry "CHI"]
[BlackCountry "ARG"]
[WhiteElo "1827"]
[WhiteRD "78"]
[BlackElo "1423"]
[BlackRD "80"]
[GameID "35129"]

1. Nf3 d5 2. g3 e6 3. Bg2 Nf6 4. d3 Bd6 5. Nbd2 c5 6. O-O O-O 7. Re1 h6 8. e4 dxe4 9. dxe4 e5 10. Nc4 Bc7
11. Qxd8 Rxd8 12. Nfxe5 Bxe5 13. Nxe5 Re8 14. Nc4 Be6 15. Nd6 Re7 16. e5 Nd5 17. f4 g6 18. Be3
1-0

[Event "Kings Indian Attack Thematic"]
[Site "SchemingMind.com"]
[Date "2006.01.05"]
[Round "-"]
[White "Julio Fuentes"]
[Black "Louis Lima"]
[Result "1-0"]
[WhiteCountry "CHI"]
[BlackCountry "ESP"]
[WhiteElo "1767"]
[WhiteRD "82"]
[BlackElo "1667"]
[BlackRD "52"]
[GameID "35130"]

1. Nf3 d5 2. g3 Nf6 3. Bg2 c5 4. c4 Nc6 5. cxd5 Nxd5 6. d4 e6 7. O-O Be7 8. dxc5 Bxc5 9. e4 Ndb4 10. Qxd8+ Nxd8
11. a3 Nd3 12. b4 Nxc1 13. Rxc1 Bb6 14. Nbd2 Nc6 15. Nc4 Bc7 16. Rc3 Ke7 17. b5
1-0

[Event "Kings Indian Attack Thematic"]
[Site "SchemingMind.com"]
[Date "2006.01.06"]
[Round "-"]
[White "Julio Fuentes"]
[Black "CHED"]
[Result "0-1"]
[WhiteCountry "CHI"]
[BlackCountry "USA"]
[WhiteElo "1770"]
[WhiteRD "80"]
[BlackElo "1694"]
[BlackRD "71"]
[GameID "35131"]

1. Nf3 d5 2. g3 Nc6 3. Bg2 Nf6 4. O-O e5 5. d3 Bf5 6. Re1 h6 7. Nbd2 Be7 8. e4 Bg4 9. Nf1 d4 10. h3 Bh5
11. N1h2 Qd7 12. c3 O-O-O 13. Qa4 Kb8 14. cxd4 exd4 15. e5 Ne8 16. Bd2 g5 17. Rac1 Bg6 18. Qb3 Qd5 19. Qxd5 Rxd5 20. Bf1 Bb4
21. Rc2 Ng7 22. a3 Bxd2 23. Nxd2 Ne6 24. Ng4 h5 25. Nf6 Rdd8 26. Rcc1 Ne7 27. Nde4 Nd5 28. Nxd5 Rxd5 29. Bg2 Rxe5 30. Nf6 Rxe1+
31. Rxe1 Bxd3 32. Bd5 Bf5 33. Kg2 Rd8 34. f3 Rd6 35. g4 hxg4 36. Bxe6 gxh3+ 37. Kg3 Rxe6 38. Rxe6 Bxe6 39. Ne4 d3 40. Nd2 c5
41. Kf2 g4 42. fxg4 Bxg4 43. Kg3 f5 44. b4 b6 45. Kh2 f4 46. Kg1 cxb4 47. axb4 Kc7 48. Kf2 a5 49. bxa5 bxa5 50. Nc4 a4
51. Nd2 a3 52. Ke1 a2 53. Nb3 h2
0-1

[Event "Kings Indian Attack Thematic"]
[Site "SchemingMind.com"]
[Date "2006.01.05"]
[Round "-"]
[White "Julio Fuentes"]
[Black "ilardi"]
[Result "0-1"]
[WhiteCountry "CHI"]
[BlackCountry "USA"]
[WhiteElo "1663"]
[WhiteRD "106"]
[BlackElo "1346"]
[BlackRD "141"]
[GameID "35132"]

1. Nf3 d5 2. g3 Nf6 3. d3 g6 4. Bg2 Bg7 5. O-O c5 6. Nbd2 Nc6 7. Re1 O-O 8. e4 dxe4 9. dxe4 Bg4 10. c3 Qc7
11. Qe2 e5 12. h3 Be6 13. Nf1 Rad8 14. Bg5 h6 15. Bd2 Kh7 16. N1h2 Nh5 17. Be3 b6 18. h4 f5 19. exf5 Bxf5 20. Red1 Nf6
21. Ne1 h5 22. Rxd8 Rxd8 23. Rd1 Qc8 24. Bxc6 Ng4 25. Bf3 Rxd1 26. Qxd1 Nxe3 27. fxe3 e4 28. Be2 Bh6 29. Kf2 c4 30. Nc2 b5
31. Nd4 Bh3 32. Qd2 Bg7 33. Nf1 Qf8+ 34. Kg1 Qd6 35. Nxb5 Qe7 36. Qd6 Qe5 37. Qxe5 Bxe5 38. Nxa7 Bxf1 39. Bxf1 Bxg3 40. Bxc4 Bxh4
41. Bd5 Be1 42. Bxe4 Bd2 43. Kf2 Kh6 44. c4 Ba5 45. b3 h4 46. Nc6 Bc3 47. b4 g5 48. a4 h3 49. b5 g4 50. a5 Kh5
51. a6 Kh4
0-1

[Event "Kings Indian Attack Thematic"]
[Site "SchemingMind.com"]
[Date "2006.01.05"]
[Round "-"]
[White "jlchaile"]
[Black "Julio Fuentes"]
[Result "0-1"]
[WhiteCountry "ARG"]
[BlackCountry "CHI"]
[WhiteElo "1423"]
[WhiteRD "80"]
[BlackElo "1827"]
[BlackRD "78"]
[GameID "35133"]

1. Nf3 d5 2. g3 c5 3. d4 c4 4. b3 Nf6 5. Bb2 Nc6 6. Bg2 Bf5 7. O-O b5 8. bxc4 bxc4 9. c3 e6 10. Re1 Bd6
11. Qa4 Qd7 12. Ba3 O-O 13. Bxd6 Qxd6 14. Qa3 Qxa3 15. Nxa3 a6 16. Ne5 Nxe5 17. dxe5 Nd7 18. e4 dxe4
0-1

[Event "Kings Indian Attack Thematic"]
[Site "SchemingMind.com"]
[Date "2006.01.05"]
[Round "-"]
[White "Louis Lima"]
[Black "Julio Fuentes"]
[Result "0-1"]
[WhiteCountry "ESP"]
[BlackCountry "CHI"]
[WhiteElo "1667"]
[WhiteRD "52"]
[BlackElo "1767"]
[BlackRD "82"]
[GameID "35134"]

1. Nf3 d5 2. g3 c5 3. c4 d4 4. d3 Nf6 5. Bg2 Nc6 6. O-O e5 7. e3 Bd6 8. exd4 cxd4 9. Re1 O-O 10. a3 a5
11. Bg5 h6 12. Bxf6 Qxf6 13. Nbd2 Bc7 14. Ne4 Qe7 15. c5 f5 16. Ned2 f4 17. Nb3 g5 18. Nbd2 Qxc5 19. Rc1 Qe7
0-1

[Event "Kings Indian Attack Thematic"]
[Site "SchemingMind.com"]
[Date "2006.01.05"]
[Round "-"]
[White "CHED"]
[Black "Julio Fuentes"]
[Result "1-0"]
[WhiteCountry "USA"]
[BlackCountry "CHI"]
[WhiteElo "1688"]
[WhiteRD "75"]
[BlackElo "1767"]
[BlackRD "82"]
[GameID "35135"]

1. Nf3 d5 2. g3 e6 3. Bg2 Nf6 4. O-O Nbd7 5. d3 c5 6. Nbd2 Qc7 7. c4 Be7 8. b3 O-O 9. Qc2 b6 10. Ne1 Bb7
11. cxd5 Bxd5 12. Nef3 Bd6 13. Bb2 Ne5 14. Nc4 Nxf3+ 15. exf3 Bxc4 16. dxc4 Be5 17. Bxe5 Qxe5 18. f4 Qf5 19. Qxf5 exf5 20. Bxa8 Rxa8
21. f3 g6 22. Rad1 Kg7 23. Rfe1 a6 24. Rd6 Rb8 25. Re7 a5 26. Ra7 h6 27. Ra6 Re8 28. Raxb6 Re1+ 29. Kf2 Ra1 30. Rxf6 Rxa2+
31. Kg1 Ra1+ 32. Kg2 a4 33. Rfc6 a3 34. Rxc5 a2 35. Ra5 h5 36. c5 Rc1 37. Rxa2 Rxc5 38. Rb2 Rc7 39. b4 Kh7 40. b5
1-0

[Event "Kings Indian Attack Thematic"]
[Site "SchemingMind.com"]
[Date "2006.01.05"]
[Round "-"]
[White "ilardi"]
[Black "Julio Fuentes"]
[Result "1-0"]
[WhiteCountry "USA"]
[BlackCountry "CHI"]
[WhiteElo "1346"]
[WhiteRD "141"]
[BlackElo "1663"]
[BlackRD "106"]
[GameID "35136"]

1. Nf3 d5 2. g3 e6 3. Bg2 Nf6 4. a3 Nbd7 5. O-O c5 6. b4 cxb4 7. axb4 Bxb4 8. c3 Bd6 9. d4 O-O 10. Bg5 Be7
11. Re1 h6 12. Bd2 Ne4 13. Bf4 Ng5 14. Qd3 Nxf3+ 15. Qxf3 Nb6 16. Nd2 Bg5 17. h4 Bxf4 18. Qxf4 g5 19. hxg5 Qxg5 20. Qxg5+ hxg5
21. Nf3 f6 22. Nd2 Bd7 23. e4 Rfe8 24. Nb3 Bc6 25. e5 f5 26. Nc5 Nc4 27. Rab1 b6 28. Na6 Re7 29. Nb4 Bb7 30. Nd3 Kg7
31. f4 g4 32. Red1 Bc6 33. Kf2 Kg6 34. Rh1 Rh7 35. Rxh7 Kxh7 36. Rh1+ Kg7 37. Nb4 Bb7 38. Bf1 Nd2 39. Bb5 Ne4+ 40. Ke3 Nxg3
41. Rc1 Ne4 42. c4 Rc8 43. c5 bxc5 44. dxc5 Rxc5 45. Rxc5 Nxc5 46. Kf2 Kg6 47. Be8+ Kg7 48. Bc6 Bxc6 49. Nxc6 a6 50. Kg3 Kf7
51. Kh4 Ne4 52. Kh5 g3 53. Nd4 a5 54. Nf3 a4 55. Kh4
1-0

[Event "Kings Indian Attack Thematic"]
[Site "SchemingMind.com"]
[Date "2006.01.12"]
[Round "-"]
[White "Shaka"]
[Black "jlchaile"]
[Result "1-0"]
[WhiteCountry "VEN"]
[BlackCountry "ARG"]
[WhiteElo "1869"]
[WhiteRD "101"]
[BlackElo "1559"]
[BlackRD "94"]
[GameID "35216"]

1. Nf3 d5 2. g3 c5 3. d3 e6 4. Bg2 Nf6 5. O-O Bd6 6. Nbd2 O-O 7. e4 Nc6 8. Nh4 h6 9. f4 dxe4 10. dxe4 Be7
11. c4 Qc7 12. e5 Nd7 13. Qg4 f6 14. Qxe6+
1-0

[Event "Kings Indian Attack Thematic"]
[Site "SchemingMind.com"]
[Date "2006.01.05"]
[Round "-"]
[White "Shaka"]
[Black "Louis Lima"]
[Result "1-0"]
[WhiteCountry "VEN"]
[BlackCountry "ESP"]
[WhiteElo "1859"]
[WhiteRD "128"]
[BlackElo "1667"]
[BlackRD "52"]
[GameID "35217"]

1. Nf3 d5 2. g3 Nf6 3. Bg2 Bg4 4. d3 Bxf3 5. Bxf3 c6 6. O-O e5 7. Nd2 Nbd7 8. Re1 Be7 9. e4 O-O 10. exd5 cxd5
11. c4 Nb6 12. Rxe5
1-0

[Event "Kings Indian Attack Thematic"]
[Site "SchemingMind.com"]
[Date "2006.01.05"]
[Round "-"]
[White "Shaka"]
[Black "Julio Fuentes"]
[Result "1-0"]
[WhiteCountry "VEN"]
[BlackCountry "CHI"]
[WhiteElo "1908"]
[WhiteRD "74"]
[BlackElo "1735"]
[BlackRD "81"]
[GameID "35218"]

1. Nf3 d5 2. g3 c5 3. Bg2 Nc6 4. c4 dxc4 5. Qa4 Bd7 6. Qxc4 e5 7. d3 Nf6 8. O-O Be6 9. Qa4 Qd7 10. Nc3 Bd6
11. Nd2 Bh3 12. Nde4 Bxg2 13. Kxg2 Nxe4 14. Nxe4 Be7 15. Be3 f5 16. Nc3 Rd8 17. Rac1 Nd4 18. Qxd7+ Rxd7 19. f4 exf4 20. Bxf4 Nc6
21. Nb5 b6 22. a3 Kd8 23. b4 Re8 24. Rc4 a6 25. Nc7 Rxc7 26. Bxc7+ Kxc7 27. Rxf5 cxb4 28. d4 bxa3 29. d5 Bc5 30. dxc6
1-0

[Event "Kings Indian Attack Thematic"]
[Site "SchemingMind.com"]
[Date "2006.01.06"]
[Round "-"]
[White "Shaka"]
[Black "CHED"]
[Result "1-0"]
[WhiteCountry "VEN"]
[BlackCountry "USA"]
[WhiteElo "1846"]
[WhiteRD "81"]
[BlackElo "1591"]
[BlackRD "113"]
[GameID "35219"]

1. Nf3 d5 2. g3 Nc6 3. d3 e5 4. Bg2 Nf6 5. Nbd2 Bc5 6. O-O O-O 7. h3 Be6 8. c3 Qd7 9. Kh2 Rad8 10. b4 Bb6
11. a4 a6 12. Ng5 Bf5 13. e4 dxe4 14. dxe4 Bg6 15. Qe2 h6 16. Ngf3 Qd3 17. Qxd3 Rxd3 18. b5 axb5 19. axb5 Ne7 20. Nc4 Bxe4
21. Nxb6 cxb6 22. Nxe5 Rxc3 23. Bxe4 Nxe4 24. Ba3 Nc5 25. Rfe1 Nf5 26. Rec1 Rxc1 27. Rxc1 Re8 28. Nc4 Nd3 29. Rc2 Nd4 30. Ra2 Nxb5
31. Nxb6 Nxa3 32. Rxa3 Nxf2 33. Ra2 Nd3 34. Kg2 g5 35. Nd5 Kg7 36. Rd2 Nc5 37. Rc2 Na4 38. Rc4 b5 39. Rb4 Rb8 40. Kf3 f5
41. Nc7 Nc3 42. Rb3 Ne4 43. Rxb5 Rxb5 44. Nxb5 Kf6 45. Nd4 h5 46. Nc2 Nc3 47. Ne3 Ke5 48. Nc2 g4+ 49. hxg4 hxg4+ 50. Ke3 Ne4
51. Ne1 Nxg3 52. Kf2 Ne4+ 53. Kg2 f4 54. Nd3+ Kf5 55. Ne1 Nd2 56. Nd3 Ke4 57. Nf2+ Kf5 58. Nd3 Nf3 59. Nf2 Nh4+ 60. Kf1 f3
61. Nh1 Kf4 62. Kf2 Nf5 63. Kf1
1-0

[Event "Kings Indian Attack Thematic"]
[Site "SchemingMind.com"]
[Date "2006.01.06"]
[Round "-"]
[White "Shaka"]
[Black "ilardi"]
[Result "1-0"]
[WhiteCountry "VEN"]
[BlackCountry "USA"]
[WhiteElo "1869"]
[WhiteRD "101"]
[BlackElo "1280"]
[BlackRD "149"]
[GameID "35220"]

1. Nf3 d5 2. g3 Nf6 3. Bg2 c5 4. O-O Nc6 5. c4 Be6 6. cxd5 Bxd5 7. Nc3 e5 8. d3 Be6 9. Ng5 Bd7 10. f4 Bd6
11. Nge4 Nd4 12. Nxd6+ Ke7 13. Nxb7 Qc7 14. fxe5 Qxe5 15. Bf4 Qh5 16. Bd6+ Ke8 17. Bxc5 Ng4 18. Nd6+ Kd8 19. Nxf7+ Kc7 20. Bd6+ Kb6
21. h3 Ne3 22. Qd2 Nxf1 23. Rxf1 Rhf8 24. Qf4 Rfe8 25. Qxd4+ Ka6 26. Bb4 Rab8 27. Qxd7 Qg6 28. Qa4+ Kb6 29. Qa5#
1-0

[Event "Kings Indian Attack Thematic"]
[Site "SchemingMind.com"]
[Date "2006.01.05"]
[Round "-"]
[White "jlchaile"]
[Black "Shaka"]
[Result "0-1"]
[WhiteCountry "ARG"]
[BlackCountry "VEN"]
[WhiteElo "1559"]
[WhiteRD "94"]
[BlackElo "1869"]
[BlackRD "101"]
[GameID "35221"]

1. Nf3 d5 2. g3 Nf6 3. d4 g6 4. Bg2 Bg7 5. O-O O-O 6. b3 c5 7. c4 dxc4 8. bxc4 cxd4 9. Nxd4 Ng4 10. Bb2 Nc6
11. Bxc6 bxc6 12. Nc3 Qb6 13. Qd2 Qxd4
0-1

[Event "Kings Indian Attack Thematic"]
[Site "SchemingMind.com"]
[Date "2006.01.05"]
[Round "-"]
[White "Louis Lima"]
[Black "Shaka"]
[Result "0-1"]
[WhiteCountry "ESP"]
[BlackCountry "VEN"]
[WhiteElo "1667"]
[WhiteRD "52"]
[BlackElo "1859"]
[BlackRD "128"]
[GameID "35222"]

1. Nf3 d5 2. g3 Nf6 3. Bg2 c6 4. O-O Bg4 5. d3 Nbd7 6. Nbd2 e5 7. e4 dxe4 8. dxe4 Qc7 9. Re1 O-O-O 10. Qe2 h5
11. h3 Be6 12. Ng5 Qd6 13. Nc4 Qe7 14. Be3 Kb8 15. Red1 g6 16. Nd6 Nb6 17. Nxe6 Qxe6 18. Bxb6 axb6 19. Nc4 Rxd1+ 20. Rxd1 Bc5
0-1

[Event "Kings Indian Attack Thematic"]
[Site "SchemingMind.com"]
[Date "2006.01.05"]
[Round "-"]
[White "Julio Fuentes"]
[Black "Shaka"]
[Result "1-0"]
[WhiteCountry "CHI"]
[BlackCountry "VEN"]
[WhiteElo "1827"]
[WhiteRD "78"]
[BlackElo "1849"]
[BlackRD "93"]
[GameID "35223"]

1. Nf3 d5 2. g3 Nf6 3. d3 c5 4. c4 dxc4 5. Qa4+ Nc6 6. dxc4 Bg4 7. Bg2 Qc8 8. Ne5 Bd7 9. Nxd7 Qxd7 10. Nc3 e6
11. Bf4 Be7 12. Rd1 Qc8 13. Nb5 O-O 14. Nd6 Bxd6 15. Bxd6 Rd8 16. e3 Ne8 17. Bxc5 Rxd1+ 18. Qxd1 b6 19. Bd6 Qd7 20. Bf4 Qxd1+
21. Kxd1 Rd8+ 22. Ke2 Ne7 23. Rd1 Rc8 24. Bb7 Rxc4 25. Rd8 Kf8 26. Bd6 f6 27. b3 Rc2+ 28. Kd3 Rc1 29. Kd2
1-0

[Event "Kings Indian Attack Thematic"]
[Site "SchemingMind.com"]
[Date "2006.01.05"]
[Round "-"]
[White "CHED"]
[Black "Shaka"]
[Result "0-1"]
[WhiteCountry "USA"]
[BlackCountry "VEN"]
[WhiteElo "1694"]
[WhiteRD "71"]
[BlackElo "1869"]
[BlackRD "101"]
[GameID "35224"]

1. Nf3 d5 2. g3 Nf6 3. Bg2 Bf5 4. O-O c5 5. d3 Nc6 6. Nbd2 Qd7 7. c4 Bh3 8. cxd5 Nxd5 9. Ne4 Bxg2 10. Kxg2 e5
11. Qc2 Nd4 12. Nxd4 cxd4 13. Bd2 Rc8 14. Qb3 Be7 15. Rac1 O-O 16. Rc2 Rxc2 17. Qxc2 Rc8 18. Qb3 h6 19. Rc1 Rc6 20. Rxc6 Qxc6
21. a3 f5 22. Kf3 Kf8
0-1

[Event "Kings Indian Attack Thematic"]
[Site "SchemingMind.com"]
[Date "2006.01.05"]
[Round "-"]
[White "ilardi"]
[Black "Shaka"]
[Result "0-1"]
[WhiteCountry "USA"]
[BlackCountry "VEN"]
[WhiteElo "1280"]
[WhiteRD "149"]
[BlackElo "1869"]
[BlackRD "101"]
[GameID "35225"]

1. Nf3 d5 2. g3 Nf6 3. Bg2 c5 4. O-O Bg4 5. Ne5 Bf5 6. e3 e6 7. d4 Nbd7 8. Nc3 Be7 9. Nf3 O-O 10. Nh4 Bg4
11. f3 Bh5 12. g4 Bg6 13. Nxg6 hxg6 14. e4 cxd4 15. Qxd4 Bc5 16. Be3 Bxd4 17. Bxd4 e5 18. Bf2 d4 19. Ne2 Rc8 20. Rfd1 Rxc2
21. Bf1 Qb6 22. b3 Rfc8 23. f4 Nxe4 24. fxe5 Nxf2 25. Kxf2 d3+ 26. Ke1 dxe2 27. Bxe2 Qg1+ 28. Bf1 Qf2#
0-1

[Event "Kings Indian Attack Thematic"]
[Site "SchemingMind.com"]
[Date "2006.01.12"]
[Round "-"]
[White "sdshuey"]
[Black "jlchaile"]
[Result "1-0"]
[WhiteCountry "USA"]
[BlackCountry "ARG"]
[WhiteElo "1436"]
[WhiteRD "68"]
[BlackElo "1423"]
[BlackRD "80"]
[GameID "35596"]

1. Nf3 d5 2. g3 c5 3. Bg2 e6 4. O-O Nf6 5. d3 Bd6 6. e4 dxe4 7. dxe4 Nc6 8. Nc3 a6 9. Bg5 O-O 10. e5 Nxe5
11. Nxe5 Bxe5 12. Qxd8 Rxd8 13. Rad1 Re8 14. Bxf6 Bxf6 15. Ne4 Be7 16. Nd6 Bxd6 17. Rxd6 Kf8 18. Rfd1 Rb8 19. f4
1-0

[Event "Kings Indian Attack Thematic"]
[Site "SchemingMind.com"]
[Date "2006.01.25"]
[Round "-"]
[White "sdshuey"]
[Black "Louis Lima"]
[Result "0-1"]
[WhiteCountry "USA"]
[BlackCountry "ESP"]
[WhiteElo "1436"]
[WhiteRD "76"]
[BlackElo "1667"]
[BlackRD "52"]
[GameID "35597"]

1. Nf3 d5 2. g3 g6 3. Bg2 Bg7 4. O-O Bg4 5. h3 Bd7 6. d4 Qc8 7. Nbd2 Bxh3 8. Bxh3 Qxh3 9. Ng5 Qh5 10. f4 Bxd4+
11. Kg2 h6 12. Ngf3 Nc6 13. Nxd4 Nxd4 14. Nf3 Nxf3 15. exf3 Qf5 16. Qd4 Nf6 17. g4 Qe6 18. g5 hxg5 19. Rh1 Rxh1 20. Kxh1 Qh3+
21. Kg1 Qg3+ 22. Kf1 Qxf3+ 23. Ke1 Qh1+ 24. Ke2 Qg2+ 25. Ke1 Qg3+ 26. Qf2 gxf4 27. Qxg3 fxg3 28. Kf1 Ne4 29. Kg2 g5 30. Be3 f5
31. Rd1 f4 32. Bg1 e6 33. b3 g4 34. c4 f3+ 35. Kf1 g2+ 36. Ke1 g3 37. cxd5 f2+ 38. Ke2 Nc3+
0-1